International organizations and indices handbook (Record no. 213723)

MARC details
000 -LEADER
fixed length control field 00643nam a22001817a 4500
005 - DATE AND TIME OF LATEST TRANSACTION
control field 20251107151610.0
010 ## - LCCN (DPL NO)
LC control number ENG-147088
020 ## - INTERNATIONAL STANDARD BOOK NUMBER
Terms of availability 299.00
International Standard Book Number 9789357318655
035 ## - SYSTEM CONTROL NUMBER
System control number EN-130620
037 ## - SOURCE OF ACQUISITION
Source of stock number/acquisition DBAD
082 ## - DEWEY DECIMAL CLASSIFICATION NUMBER
Classification number 341.11 INT
Edition number 1
245 ## - TITLE STATEMENT
Title International organizations and indices handbook
250 ## - EDITION STATEMENT
Edition statement 1
260 ## - PUBLICATION, DISTRIBUTION, ETC. (IMPRINT)
Place of publication, distribution, etc Gurugram
Name of publisher, distributor, etc Hachette Book Publishing India Pvt.Ltd
Date of publication, distribution, etc 2025
270 ## - ADDRESS
City Gurugram
Address Hachette Book Publishing India Pvt.Ltd 4th&5th Floors, Corporate Centre Plot No.94, Sector44, Gurugram India
Postal code 122003
Electronic mail address www.hachetteindia.com
300 ## - PHYSICAL DESCRIPTION
Extent vii,134
Dimensions 20cm(pb)
942 ## - ADDED ENTRY ELEMENTS (KOHA)
Source of classification or shelving scheme Dewey Decimal Classification
Item type English Books
Classification part 341.11
Call number suffix INT
Edition 1
Holdings
Withdrawn status Lost status Not for loan Collection code Home library Current library Date acquired Source of acquisition Cost, normal purchase price Full call number Barcode Copy number Koha item type
      Non-fiction Mobile Library Mobile Library 07/11/2025 DBAD 299.00 341.11 INT EN-130620 1 English Books

© Delhi Public Library
Hit Counter
free hit counter